|
|
|
|
| LEADER |
01246nam a2200301 a 4500 |
| 001 |
000459527 |
| 003 |
CZ BrMZK |
| 005 |
20081016093520.0 |
| 007 |
ta |
| 008 |
990307s1983 xr a f cze d |
| 015 |
|
|
|a cnb000020350
|
| 020 |
|
|
|q (Váz.) :
|c 34 Kčs
|
| 035 |
|
|
|a (OCoLC)39583558
|
| 040 |
|
|
|a BOA001
|c ze
|d BOA001
|
| 080 |
|
|
|a 562/569
|2 MRF
|
| 100 |
1 |
|
|a Záruba, Bořivoj,
|d 1939-
|7 jn20010310159
|4 aut
|
| 245 |
1 |
0 |
|a Svět vymřelých zvířat /
|c Bořivoj Záruba ; ilustrovali Zdeněk Burian, Gustav Krum
|
| 260 |
|
|
|a Praha :
|b Artia,
|c 1983
|f (Svoboda)
|
| 300 |
|
|
|a 61 s. :
|b barev. il. ;
|c 31 cm
|
| 500 |
|
|
|a 15000 výt
|
| 700 |
1 |
|
|a Krum, Gustav,
|d 1924-2011
|7 jn99240000543
|4 ill
|
| 700 |
1 |
|
|a Burian, Zdeněk,
|d 1905-1981
|7 jk01020396
|4 ill
|
| 856 |
4 |
1 |
|u http://www.digitalniknihovna.cz/mzk/uuid/uuid:3ae06370-84e8-11e3-a70e-005056822549
|y Digitalizovaný dokument
|x NDK
|
| 910 |
|
|
|a BOA001
|b PK-N-0023.776
|b 4-0869.940
|
| 964 |
|
|
|a Zvířata pravěká - paleontologie - publikace obrazové - knihy pro děti
|
| 990 |
|
|
|a BK
|
| 996 |
7 |
|
|b 2619263046
|c 4-0869.940
|l MZK
|r Sklad / do 1 hodiny
|n 1
|w 000459527
|u 000020
|a 1
|e BOA001
|j MZK50
|s A
|
| 996 |
7 |
|
|b 3119835118
|c PK-N-0023.776
|l MZK
|r Sklad / do 1 hodiny
|n 2
|w 000459527
|u 000010
|a 1
|e BOA001
|j MZK50
|s A
|